000 00368nam a2200157Ia 4500
003 0STCL
008 150530s9999 xx 000 0 und d
040 _aSTCL
_cSTCL
100 _aWyatt Woodrow
245 _aWorlds greatest short stories
260 _bHome library club
_c1952
546 _aEnglish
942 _2ddc
_cBK
999 _c45486
_d45486
005 20220125170651.0